| 000 | 00578nam a22001817a 4500 | ||
|---|---|---|---|
| 003 | CEME | ||
| 005 | 20210628202529.0 | ||
| 008 | 210209b xxu||||| |||| 00| 0 eng d | ||
| 020 | _a1-58053-288-8 | ||
| 040 | _c. | ||
| 082 | _a621.3848 CHE | ||
| 100 |
_aLing, Hao Chen, Victor.C _960366 |
||
| 245 | _aTime frequency transforms for radar imaging and signal analysis | ||
| 260 |
_aLONDO _bARTECH HOUSE _c2002 |
||
| 300 | _aXVII,214P | ||
| 650 |
_aSIGNAL ANALYSIS; RADAR IMAGING; FREQUENCY SPECTRA; TIME SERIES ANALYSIS; SINAL PROCESSING; RADAR _960367 |
||
| 942 |
_cBK _2ddc |
||
| 999 |
_c570107 _d570107 |
||